<?xml version="1.0" encoding="UTF-8"?><?xml-stylesheet type="text/xsl" href="static/style.xsl"?><OAI-PMH xmlns="http://www.openarchives.org/OAI/2.0/" xmlns:xsi="http://www.w3.org/2001/XMLSchema-instance" xsi:schemaLocation="http://www.openarchives.org/OAI/2.0/ http://www.openarchives.org/OAI/2.0/OAI-PMH.xsd"><responseDate>2026-04-17T19:00:47Z</responseDate><request verb="GetRecord" identifier="oai:www.recercat.cat:10459.1/467328" metadataPrefix="marc">https://recercat.cat/oai/request</request><GetRecord><record><header><identifier>oai:recercat.cat:10459.1/467328</identifier><datestamp>2025-09-15T19:00:23Z</datestamp><setSpec>com_2072_3622</setSpec><setSpec>col_2072_479130</setSpec></header><metadata><record xmlns="http://www.loc.gov/MARC21/slim" xmlns:dcterms="http://purl.org/dc/terms/" xmlns:xsi="http://www.w3.org/2001/XMLSchema-instance" xmlns:doc="http://www.lyncode.com/xoai" xsi:schemaLocation="http://www.loc.gov/MARC21/slim http://www.loc.gov/standards/marcxml/schema/MARC21slim.xsd">
   <leader>00925njm 22002777a 4500</leader>
   <datafield ind2=" " ind1=" " tag="042">
      <subfield code="a">dc</subfield>
   </datafield>
   <datafield ind2=" " ind1=" " tag="720">
      <subfield code="a">Teixido-Orries, Irene</subfield>
      <subfield code="e">author</subfield>
   </datafield>
   <datafield ind2=" " ind1=" " tag="720">
      <subfield code="a">Molino Gahete, Francisco</subfield>
      <subfield code="e">author</subfield>
   </datafield>
   <datafield ind2=" " ind1=" " tag="720">
      <subfield code="a">Castro-Criado, Bianca</subfield>
      <subfield code="e">author</subfield>
   </datafield>
   <datafield ind2=" " ind1=" " tag="720">
      <subfield code="a">Jodkowska, Monika</subfield>
      <subfield code="e">author</subfield>
   </datafield>
   <datafield ind2=" " ind1=" " tag="720">
      <subfield code="a">Medina, Angel</subfield>
      <subfield code="e">author</subfield>
   </datafield>
   <datafield ind2=" " ind1=" " tag="720">
      <subfield code="a">Marín Sillué, Sònia</subfield>
      <subfield code="e">author</subfield>
   </datafield>
   <datafield ind2=" " ind1=" " tag="720">
      <subfield code="a">Verheecke-Vaessen, Carol</subfield>
      <subfield code="e">author</subfield>
   </datafield>
   <datafield ind2=" " ind1=" " tag="260">
      <subfield code="c">2025-01-11</subfield>
   </datafield>
   <datafield ind2=" " ind1=" " tag="520">
      <subfield code="a">Oats are susceptible to contamination by Fusarium mycotoxins, including deoxynivalenol (DON), zearalenone (ZEN), and T-2/HT-2 toxins, posing food safety risks. This study analyses the variation in levels of 14 mycotoxins in 200 individual oat kernels from two DON-contaminated batch samples (mean = 3498 μg/kg) using LC-MS/MS. The samples also contained deoxynivalenol-3-glucoside (DON-3G), 3-acetyldeoxynivalenol (3-ADON), 15-acetyldeoxynivalenol (15-ADON), and ZEN. Contamination levels varied notably among individual kernels, with DON detected in 70% of them, followed by DON- 3G (24.5%) and 3-ADON (20.5%). Importantly, 8% of kernels exceeded the EU legal limit for DON (1750 μg/kg), and some occasionally surpassed limits for ZEN and T-2/HT-2. Correlation analyses revealed strong associations between DON and its derivatives but weaker correlations with other toxins. Mycotoxin ratios varied widely, indicating that although they often co-occur, their concentrations differ between kernels. Contamination did not significantly impact kernel weight, though a slight trend toward lower weights in contaminated kernels was noted. Additionally, sampling statistics showed that as the percentage of selected kernels increased, the probability of batch sample rejection for DON contamination rose significantly. The study highlights the heterogeneity of mycotoxin contamination in oat batches, emphasising the importance of accurate detection and regulatory compliance to ensure safer oat-based products.</subfield>
   </datafield>
   <datafield ind2=" " ind1=" " tag="520">
      <subfield code="a">This work was supported by the Spanish Ministry of Science and Innovation (Project PID2020-114836RB-I00 funded by MCIN/AEI/10.13039/501100011033) and by the Spanish Ministry of Universities (predoctoral grant FPU21/00073). Additionally, this research received funding from the EU Project 101079173-FunShield4Med (HORIZON-WIDERA-2021-ACCESS-03).</subfield>
   </datafield>
   <datafield tag="653" ind2=" " ind1=" ">
      <subfield code="a">Micotoxinas</subfield>
   </datafield>
   <datafield tag="653" ind2=" " ind1=" ">
      <subfield code="a">Oat</subfield>
   </datafield>
   <datafield tag="653" ind2=" " ind1=" ">
      <subfield code="a">Individual oat kernel</subfield>
   </datafield>
   <datafield tag="653" ind2=" " ind1=" ">
      <subfield code="a">Fusarium</subfield>
   </datafield>
   <datafield tag="653" ind2=" " ind1=" ">
      <subfield code="a">Deoxinivalenol</subfield>
   </datafield>
   <datafield tag="653" ind2=" " ind1=" ">
      <subfield code="a">Sampling</subfield>
   </datafield>
   <datafield ind2="0" ind1="0" tag="245">
      <subfield code="a">Mapping variability of mycotoxins in individual oat kernels from batch samples: implications for sampling and food safety.</subfield>
   </datafield>
</record></metadata></record></GetRecord></OAI-PMH>